000 00209nam a2200097Ia 4500
008 190216s9999||||xx |||||||||||||| ||und||
100 _aVilasini
245 0 _aEanangatha Kannikal
260 _bNull
942 _cBK
999 _c24519
_d24519